| 000 | 01148nam a2200361 a 4500 | ||
|---|---|---|---|
| 003 | AR-BaBNM | ||
| 005 | 20251128203036.0 | ||
| 008 | 082120s2002 ||||||||||||||000 | spa|| | ||
| 040 | _cAR-BaBNM | ||
| 100 | 1 | _aGoodlad, John I. | |
| 245 | 0 | 0 |
_aLa escuela sin grados _borganización y funcionamiento |
| 260 |
_aBuenos Aires _bEl Ateneo _c1976 |
||
| 300 |
_axiv, 271 p. _bdiagr., tablas |
||
| 490 | 0 | _aBiblioteca Nuevas Orientaciones de la Educación. Problemática de la Educación | |
| 504 | _aContiene bibliografía al final de cada capítulo | ||
| 650 | 4 | _aESCUELAS SIN GRADOS | |
| 650 | 4 | _aESCUELAS EXPERIMENTALES | |
| 650 | 4 | _aORGANIZACION ESCOLAR | |
| 650 | 4 | _aCURRICULO | |
| 650 | 4 | _aPROMOCION DEL ALUMNO | |
| 650 | 4 | _aRENDIMIENTO DEL ALUMNO | |
| 650 | 4 | _aMOTIVACION DEL ALUMNO | |
| 650 | 4 | _aTEORIAS DE LA EDUCACION | |
| 651 | 4 | _aEstados Unidos | |
| 653 | _aPROCESO DE ENSEÑANZA-APRENDIZAJE | ||
| 700 | 1 | _aAnderson, Robert | |
| 700 | 1 |
_aSierra, Emilio M. _etraductor |
|
| 800 | 1 | _aTula, María Arsenia | |
| 800 | 1 | _aBähler, N. Ruth | |
| 800 | 1 |
_aMárquez, Angel Diego _edirector |
|
| 942 | _cBK | ||
| 998 | _csilvi | ||
| 999 |
_c1631 _d1631 |
||